Loading...
| Science - Chemistry | 4 | 5 | 0 | 2 | 110 | 37 | 86.67 | 6 | 9 | 0.00 | 0.00 |
| History - European | 4 | 4 | 1 | 1 | 95 | 39 | 81.50 | 5 | 8 | 0.00 | 0.00 |
| History - American | 1 | 6 | 0 | 1 | 75 | 56 | 85.71 | 5 | 7 | 0.00 | 0.00 |
| Fine Arts - Other | 1 | 6 | 0 | 1 | 75 | 46 | 110.57 | 4 | 7 | 0.00 | 0.00 |
| Mythology | 1 | 7 | 2 | 0 | 75 | 69 | 91.50 | 5 | 8 | 0.00 | 0.00 |
| Literature - World | 0 | 7 | 0 | 0 | 70 | 85 | 114.29 | 3 | 7 | 0.00 | 0.00 |
| History - Other | 2 | 5 | 3 | 1 | 65 | 60 | 95.86 | 3 | 7 | 0.00 | 0.00 |
| History - World | 1 | 6 | 2 | 3 | 65 | 37 | 109.43 | 3 | 7 | 0.00 | 0.00 |
| Literature - European | 0 | 6 | 0 | 1 | 60 | 90 | 131.83 | 1 | 6 | 0.00 | 0.00 |
| Fine Arts - Auditory | 0 | 6 | 1 | 2 | 55 | 92 | 115.50 | 3 | 6 | 0.00 | 0.00 |
| Literature - British | 0 | 6 | 1 | 0 | 55 | 108 | 126.67 | 1 | 6 | 0.00 | 0.00 |
| Science - Biology | 1 | 4 | 0 | 1 | 55 | 55 | 87.00 | 2 | 5 | 0.00 | 0.00 |
| Fine Arts - Visual | 1 | 4 | 2 | 0 | 45 | 66 | 100.00 | 3 | 5 | 0.00 | 0.00 |
| Philosophy | 0 | 5 | 2 | 0 | 40 | 78 | 114.80 | 2 | 5 | 0.00 | 0.00 |
| Literature - American | 0 | 4 | 0 | 2 | 40 | 96 | 126.00 | 0 | 4 | 0.00 | 0.00 |
| Religion | 0 | 4 | 0 | 0 | 40 | 66 | 114.25 | 3 | 4 | 0.00 | 0.00 |
| Social Science | 0 | 4 | 1 | 1 | 35 | 104 | 110.75 | 4 | 4 | 0.00 | 0.00 |
| Science - Other | 1 | 2 | 0 | 1 | 35 | 48 | 96.67 | 2 | 3 | 0.00 | 0.00 |
| Science - Physics | 0 | 4 | 2 | 1 | 30 | 61 | 86.00 | 3 | 4 | 0.00 | 0.00 |
| Pop Culture | 0 | 2 | 0 | 1 | 20 | 137 | 138.50 | 0 | 2 | 0.00 | 0.00 |
| Geography | 0 | 1 | 0 | 1 | 10 | 122 | 122.00 | 0 | 1 | 0.00 | 0.00 |